000 00736nam a2200253Ia 4500
003 OSt
005 20220928102728.0
006 a|||||r|||| 00| 0
007 ta
008 220927b |||||||| |||| 00| 0 eng d
020 _cINR 250.00
024 _a138057
037 _b0329, 03/03/2018, Bookwell Publications
_cTextual
040 _aSDCL
_cSDCL
_beng
041 _2eng
_aeng
082 _aB2894, Q7 LR
100 _aPastine Ivan
_9400044
245 0 _aGame theory
_b A graphic guide
260 _aLondon
_bIcon Books
_c2017
300 _a176p.
_ccm.
650 _aReference
942 _hB2894, Q7 LR
_cTEXL
_2CC
999 _c715951
_d715951